| 000 | 00675nam a2200217 u 4500 | ||
|---|---|---|---|
| 005 | 20240228064336.0 | ||
| 008 | 190227s2009 r 000 0 eng d | ||
| 020 | _a9789803980078 | ||
| 035 | _aUPN01000229304 | ||
| 049 | _aI | ||
| 050 | 4 |
_aLC4713.2 _bM3.3 |
|
| 100 | 1 |
_aMarleau, Brigitte _933329 |
|
| 245 | 1 | 1 |
_a¡Epa! ¡epa! ¡Simón! / _cautora e il. Briggitte Marleau ; tr. Rafael Rodríguez Calcaño. |
| 260 |
_aCaracas : _bPlayco, _c2009. |
||
| 300 |
_a24 p. : _bil. col. |
||
| 440 | 0 | _aEn el corazón de las diferencias | |
| 650 | 4 |
_aTrastornos de la atención _92909 |
|
| 650 | 4 |
_aLibros y lectura para niños _92290 |
|
| 905 | _aInfantil | ||
| 999 |
_c201399 _d201399 |
||